Romeo and Juliet (Record no. 56737)
[ view plain ]
| 000 -LEADER | |
|---|---|
| fixed length control field | 00671nam a2200169 a 4500 |
| 008 - FIXED-LENGTH DATA ELEMENTS--GENERAL INFORMATION | |
| fixed length control field | 220304s2002 ||||||||||||||||| || u |
| 020 ## - INTERNATIONAL STANDARD BOOK NUMBER | |
| International Standard Book Number | 9781447925798 |
| 050 ## - LIBRARY OF CONGRESS CALL NUMBER | |
| Classification number | PR 2831 Gib |
| 100 ## - MAIN ENTRY--PERSONAL NAME | |
| Personal name | Shakespeare, William |
| 245 10 - TITLE STATEMENT | |
| Title | Romeo and Juliet |
| Statement of responsibility, etc. | By William Shakespeare |
| 260 ## - PUBLICATION, DISTRIBUTION, ETC. | |
| Place of publication, distribution, etc. | Essex |
| Date of publication, distribution, etc. | 2002 |
| 300 ## - PHYSICAL DESCRIPTION | |
| Extent | viii, 60 pages : illustrations |
| 490 ## - SERIES STATEMENT | |
| Series statement | Penguin Readers, Level 3 |
| 500 ## - GENERAL NOTE | |
| General note | Retold by Anne Collins series editors: Andy Hopkins and Jocelyn Potter |
| 650 ## - SUBJECT ADDED ENTRY--TOPICAL TERM | |
| Topical term or geographic name entry element | ENGLISH LANGUAGE |
| 995 ## - RECOMMENDATION 995 [LOCAL, UNIMARC FRANCE] | |
| -- | 12.00 |
| -- | CBU-MAIN LIBRARY (Kitwe) |
| -- | 12.00 |
| -- | 1 |
| -- | AVAILABLE |
| -- | Mar 4, 2022 |
| -- | Main Library Open Access Collection |
| Withdrawn status | Lost status | Source of classification or shelving scheme | Damaged status | Not for loan | Home library | Current library | Shelving location | Date acquired | Total Checkouts | Full call number | Barcode | Date last seen | Date last checked out | Price effective from | Koha item type |
|---|---|---|---|---|---|---|---|---|---|---|---|---|---|---|---|
| CBU-MAIN LIBRARY, KITWE. | CBU-MAIN LIBRARY, KITWE. | 11/30/2022 | 1 | PR 2831 Gib | 748075 | 04/07/2026 | 02/11/2026 | 11/30/2022 | MONOGRAPH |